Konjunkturálne trendy v ekonomike Bulharska Príloha Hospodárskych novín
Vývoj základných ekonomických ukazovateľov v Bulharsku v posledných rokoch. Monitor hospodárskeho vývoja Bulharska.
Guardado en:
| Formato: | Capítulo de libro |
|---|---|
| Lenguaje: | eslovaco |
| Materias: | |
| Etiquetas: |
Sin Etiquetas, Sea el primero en etiquetar este registro!
|
MARC
| LEADER | 00000naa a2200000 4500 | ||
|---|---|---|---|
| 001 | r026872 | ||
| 005 | 20230824090114.9 | ||
| 041 | 0 | |a slo | |
| 044 | |a SK | ||
| 245 | 1 | 0 | |a Konjunkturálne trendy v ekonomike Bulharska |b Príloha Hospodárskych novín |
| 520 | |a Vývoj základných ekonomických ukazovateľov v Bulharsku v posledných rokoch. Monitor hospodárskeho vývoja Bulharska. | ||
| 610 | 2 | 0 | |a Bulharsko |
| 610 | 2 | 0 | |a 1995-1997 |
| 610 | 2 | 0 | |a situácia hospodárska |
| 610 | 2 | 0 | |a rast hospodársky |
| 610 | 2 | 0 | |a ukazovatele ekonomické |